| 000 | 00935nam a22003017a 4500 | ||
|---|---|---|---|
| 003 | CHAP | ||
| 005 | 20220329143525.0 | ||
| 008 | 100406s1993 us r 00010 eng d | ||
| 010 | _a97991 | ||
| 011 | _a98963 | ||
| 020 | _a1878610317 | ||
| 035 | _a109648 | ||
| 040 | _cCHAP | ||
| 082 | 0 | 4 |
_a615.3210979 _bM78 |
| 100 | 1 |
_aMoore, Michael _978084 |
|
| 245 | 1 |
_aMedicinal plants of the Pacific West _c/by Michael Moore |
|
| 260 |
_aSanta Fe, New México : _bRed Crane Books, _cc1993 |
||
| 300 |
_a359 p. : _bilus. |
||
| 590 |
_aBATCH-UPD _b10 _c20130110 _lUCH01 _h1136 |
||
| 590 |
_aBATCH-UPD _b10 _c20130410 _lUCH01 _h0724 |
||
| 590 |
_aBATCH-UPD _b10 _c20130914 _lUCH01 _h0743 |
||
| 590 |
_aCONVERSION _b10 _c20130109 _lUCH01 _h1354 |
||
| 650 | 1 | 4 |
_aBotánica médica. _914680 |
| 650 | 1 | 4 |
_aMedicina tradicional. _973921 |
| 901 | _aBK | ||
| 942 | _cLIBRO | ||
| 949 |
_a615.3210979 M78 _bBC _cLIBRO _d33724002164264 _eLIBRO _h112214 _i109648 _si |
||
| 999 |
_c97991 _d97991 |
||